000 00502nam a2200181Ia 4500
008 100920s9999 xx 000 0 und d
082 _b30871
_a5 थ 37
100 _aJOSHI G.N.
245 _aTHE NEW CONSTITUTION OF INDIA.
260 _bMACMILLAN &CO. LIMITED.LONDON.
_c1937
300 _a464
_bसाधी
365 _b0
520 _aई.एल. ई.
630 _aTHE NEW CONSTITUTION OF INDIA.
650 _aई.एल. ई.
730 _aTHE NEW CONSTITUTION OF INDIA.
942 _cBOOK
999 _c686196
_d686193